00424nam a22001692 4500001001100000005001700011008004100028020001700069040001500086100003200101245003300133250001300166260003200179300001200211650002800223852000300251000001974120151217152201.0110125s xx 000 0 eng d a8184480660 : aKABUcKABU1 aDasgupta, Anil.@000017965810aImmunology /cAnil Dasgupta. a1st ed. aNew Delhi :bJaypee,c2007. a321 p. 0aImmunology.@00000756631